000 00542cam a2200193ua 4500
001 2347
008 110805n ii |||gr||||Z||||||eng
040 _cMAIN
082 _a370
100 _aHarbison, Frederick,
_eAuthor.
245 1 _aEducation, manpower and economic growth
_cby Frederick Harbison
250 _a1st.
260 _aCalcutta:
_bOxford & IBH publishing co.,968.
300 _a229p:
_c25cm.
653 _aEducation
653 _aEducation, manpower and economic growth
700 _aMyers, Charles A.,
_eAuthor.
942 _cBK
999 _c2205
_d2205